000 00475nam a22001937a 4500
003 MPLRDC
005 20220104143534.0
008 210129b ||||| |||| 00| 0 eng d
020 _a957-98633-6-9
082 _a411.77 HEW
100 _aJAMES HEWITT
245 _a放轻松
_c君蓁译
250 _a第一版
260 _a台湾
_b中天出版社
_c1997
300 _b243
490 _aHAPPY MIND. 6
650 _a休息、松弛、睡眠
942 _cBK
_o411.77 HEW
999 _c40906
_d40896